000 01230nam a22002777a 4500
001 9233
003 FISKH
005 20251204092040.0
008 251204b cb ||||| |||| 00| 0 eng d
040 _aFISKH
_bkhr
_cFISKH
_dFISKH
050 _aPZ7
082 _a398.2
100 _aChantha Rith , Nav
245 _aចចកពាក់ស្រោមមុខ /
_cនិពន្ធដោយ លោក ណាវ ចាន់ថារិទ្ធិ ,​ វិចិត្រករគំនូរ ដោយ អ្នកស្រី ចាន់ ពិសី
260 _aភ្នំពេញ :
_bអង្គការទស្សនះពិភពលោកកម្ពុជា ,​
300 _a15 pages :
_bcolor illustrations ;
_c25 cm .
505 _aL
520 _aសៀវភៅនេះនិយាយអំពីទេសចរណ៏ផ្លូវភេទលើកុមារ។
520 _aThis book talks about child sex tourism.
521 8 _a530
_bLexile estimate
521 8 _aL
_bRaz-Plus
650 _aចចកពាក់ស្រោមមុខ
_vរឿងនិទានអប់រំ
700 _aPisey , Chan
_eIllustratior
942 _2ddc
_cKHB
_n0
999 _c9233
_d9233